| 000 | 00650nam a2200253Ia 4500 | ||
|---|---|---|---|
| 003 | OSt | ||
| 005 | 20221007071626.0 | ||
| 006 | a|||||r|||| 00| 0 | ||
| 007 | ta | ||
| 008 | 221006b |||||||| |||| 00| 0 eng d | ||
| 024 | _a4,123 | ||
| 037 | _cTextual | ||
| 040 |
_aFLL _cFLL _beng |
||
| 041 |
_2eng _aeng |
||
| 082 | _aZ3:8e, L0;K4 | ||
| 100 |
_aKersley R.H. _9689102 |
||
| 245 | 0 | _aConveyancing | |
| 250 | _a19th | ||
| 260 |
_aLondon _bEastern press printing ltd U.K. _c1970 |
||
| 300 |
_acxx822 _ccm. |
||
| 650 |
_aConveyancing _9684594 |
||
| 942 |
_hZ3:8e, L0;K4 _cTEXL _2CC |
||
| 999 |
_c1143829 _d1143829 |
||